CAHIERS DE LA COMMUNICATION (LES), VOL.3-N.5 (1983) (Record n. 185199)

Dettagli MARC
000 -LEADER
fixed length control field 01073nas a2200253Ia 4500
001 - CONTROL NUMBER
control field R105/44462
003 - CONTROL NUMBER IDENTIFIER
control field IT-RoPAU
008 - FIXED-LENGTH DATA ELEMENTS--GENERAL INFORMATION
fixed length control field 151124c99999999xx |||||||||||| ||und||
040 ## - CATALOGING SOURCE
Original cataloging agency IT-RoPAU
040 ## - CATALOGING SOURCE
Transcribing agency IT-RoPAU
041 ## - LANGUAGE CODE
Language code of text/sound track or separate title FRANCESE
100 ## - MAIN ENTRY--PERSONAL NAME
Personal name Durand Jacques
Miscellaneous information Codice Aut. SPICS: 18311
210 ## - ABBREVIATED TITLE
Abbreviated title CAHIERS DE LA COMMUNICATIONS
222 ## - KEY TITLE
Key title Cahiers De La Communications
245 ## - TITLE STATEMENT
Title CAHIERS DE LA COMMUNICATION (LES), VOL.3-N.5 (1983)
Remainder of title Consommation Des Medias (La): Recherche D'Un Modele
250 ## - EDITION STATEMENT
Edition statement 1a ed.
260 ## - PUBLICATION, DISTRIBUTION, ETC. (IMPRINT)
Place of publication, distribution, etc. PARIS
Name of publisher, distributor, etc. DUNOD/BORDAS
Date of publication, distribution, etc. 1983
300 ## - PHYSICAL DESCRIPTION
Extent 24 p. [403-426]
362 ## - DATES OF PUBLICATION AND/OR SEQUENTIAL DESIGNATION
Dates of publication and/or sequential designation VOL.3, N.05 (1983)
501 ## - WITH NOTE
-- Paulus - SPICS - Società San Paolo EM (non-commercial uses only)
-- Copyright2015
500 ## - GENERAL NOTE
General note Consumo-Dei-Media Ricerca-Di-Un-Modello Schema-Di-Un-Modello-Di-Comportamento-Del-Lettore-O-Dell'Uditore Modelli-Di-Comunicazione Teoria-Dell'Informazione Modelli-Sociali-Della-Comunicazione Dialettica-Consumo-Comunicazione Opposizione-Consumo-Comunicazio
650 ## - SUBJECT ADDED ENTRY--TOPICAL TERM
Topical term or geographic name as entry element COMUNICAZIONE
Form subdivision PUBBLICAZIONE PERIODICA
942 ## - ADDED ENTRY ELEMENTS (KOHA)
Koha item type RIVISTA
Dati di copia
Withdrawn status Lost status Damaged status Not for loan Home library Current library Date acquired Total Checkouts Full call number Date last seen Price effective from Koha item type Public note
    Buone Condizioni Not For Loan SPICS-MEDIATECA SPICS-MEDIATECA 25/11/2015   R105/44462 25/11/2015 25/11/2015 RIVISTA Progr. Ins: 43373 / Copia rara: NO / date import: 25.11.2015 / By Epidotti, Trombetti, Vaglietti
CREDITS: SOCIETA' SAN PAOLO Via A.Severo, 58 - ROMA (RM) & PERIODICI SAN PAOLO SRL Via Giotto, 36 MILANO & CISF Via Giotto, 36 MILANO & EDIZIONI SAN PAOLO SRL,  Piazza Soncino, 5 CINISELLO BALSAMO (MI) -- ITALY